00687nam a2200229 a 4500001001300000003000900013005001700022008004100039020002300080082001700103100001700120245001700137260005500154300000900209500003500218505002400253700001700277902000800294942000700302952013100309999001700440nice12345678IN_TiNIC20260116013727.0050524s1998 newa grp 000 0 eng  a8121518 c30000a297.4bSHA11 aSharda S R,  aSufi Thought aNew Delhi bMunshiram Manoharlal Publishers c1998 a288p aincludes index and biblioraphy2 aBibliography, Index1 aSharda S R,  bSRS cBK 001040708StackRoom-aHMIbHMId2010-08-05g300.00l17o297.4 SHA11p018202r2022-09-06s2022-08-30v300.00w2005-05-24yBK c12180d12180